00474cam a22001572 4500001001100000005001700011008004100028040001500069050002000084100004400104245004900148260004100197300001600238600004400254651001800298000000157620151217155812.0070316s xx 000 0 eng d aKABUcKABU 0aDT1768b.E38C431 aChattopadhyaya, Haraprasad.@000015043310aIndians in Africa :ba socio-economic study. aCalcutta :bBookland Private,c1970. axiv, 464 p.10aEast IndianszSouth Africa.@0000150434 0a.@0000185744